| 000 | 01022cam a2200265 4500 | ||
|---|---|---|---|
| 001 | ABS62486 | ||
| 008 | 000000n2000 000 0 eng u | ||
| 035 | _a(Sirsi) u106461 | ||
| 100 | _aCullingworth, R. | ||
| 100 | _aWilliams, P. | ||
| 245 | _aPart III: Leases and common parts of commercial buildings | ||
| 260 | _c2000 | ||
| 490 |
_aAccess by Design _v(83) Summer 2000, 16-20(5) |
||
| 520 | _aConsiders the operation of Part III of the Disability Discrimination Act 1995 in relation to the common parts of commercial buildings. Uses the examples of an office building and a shopping centre to reveal a loophole which will make it difficult for landlords or tenants to carry out the necessary changes. | ||
| 590 | _aABS | ||
| 650 | _aDISABILITY DISCRIMINATION ACT 1995 PART III | ||
| 650 | _aCOMMON PARTS | ||
| 650 | _aOFFICE BUILDINGS | ||
| 650 | _aLEASE REQUIREMENTS | ||
| 650 | _aALTERATIONS | ||
| 650 | _aSHOPPING CENTRES | ||
| 650 | _aLEASES | ||
| 690 |
_aHealth and safety _96244 |
||
| 942 | _n0 | ||
| 999 |
_c63770 _d63770 |
||